| 000 | 00700cam a22002534a 4500 | ||
|---|---|---|---|
| 003 | UPN | ||
| 005 | 20220315110508.0 | ||
| 008 | 090205s2003 es r 000 f spa d | ||
| 020 | _a8434867214 | ||
| 035 | _aUPN01000168811 | ||
| 040 |
_aUPN _bspa _cUPN |
||
| 049 | _aCG | ||
| 050 | 4 |
_aPJ5054 O7.4 _bH6.6 |
|
| 100 | 1 |
_aOrlev, Uri, _d1931- _930817 |
|
| 245 | 1 | 3 |
_aEl hombre del otro lado / _cUri Orlev ; tr. Eulália Sariola. |
| 250 | _a2a ed. | ||
| 260 |
_aMadrid : _bSM, _c2003. |
||
| 300 | _a191 p. | ||
| 490 | 0 | _aEl barco de vapor. A partir de 12 años | |
| 534 |
_pTraducción de: _tThe man from the other side |
||
| 650 | 4 |
_aNOVELA POLACA _94235 |
|
| 905 | _aLibro | ||
| 942 |
_2lcc _cLIBRO |
||
| 999 |
_c140917 _d140917 |
||